| 000 | 00640nam a2200217 u 4500 | ||
|---|---|---|---|
| 005 | 20240228064216.0 | ||
| 008 | 150511s2007 r 000 0 eng d | ||
| 020 | _a9788467520125 | ||
| 035 | _aUPN01000203336 | ||
| 049 | _aI | ||
| 050 | 4 |
_aPZ10.3 _bS7.33 |
|
| 100 | 1 |
_aStanton, Philip, _d1962- _935652 |
|
| 245 | 1 | 4 |
_a¡El dentista es un monstruo! / _cPhilip Stanton. |
| 260 |
_aMadrid : _bSM, _c2007. |
||
| 300 |
_a[46] p. : _bil. col. |
||
| 440 | 0 |
_aEl barco de vapor ; _v5. _pLa gata misha |
|
| 650 | 0 |
_aAnimales _vCuentos y leyendas _9234 |
|
| 650 | 4 |
_aLibros y lectura para niños _92290 |
|
| 905 | _aInfantil | ||
| 999 |
_c175437 _d175437 |
||